000 00702nam a2200205Ia 4500
003 GCL
008 140319s9999 xx 000 0 ara d
040 _aGCL /
_cGCL
082 0 4 _a094
_bق د
100 1 _aدار الكتب قسم المخطوطات
245 1 0 _aدار الكتب القومية ذاكرة مصر- كنوز من التراث العربى /
_cدار الكتب قسم المخطوطات
260 _a[S.N] :
_bالهيئة المصرية العامة للكتاب ،
_c1989
300 _a220 ص
490 _a
650 0 4 _aالمخطوطات
650 0 4 _aالكتب النادرة
650 0 4 _aالمصاحف
650 0 4 _aالببليوجرافيات
942 _2ddc
_cBK
999 _c27826
_d27826